[Event "II Festival"]
[Site "Siracusa ITA"]
[Date "2007.09.05"]
[Round "4"]
[White "Zimmer, Hans Werner"]
[Black "Salvaggio, Salvatore"]
[Result "1-0"]
[WhiteElo "2011"]
[BlackElo "1766"]
[PlyCount "77"]
[EventDate "2007.09.02"]

1. e4 c5 2. d4 cxd4 3. c3 dxc3 4. Nxc3 e6 5. Nf3 Ne7 6. Bc4 Nbc6 7. O-O a6 8.
Bg5 f6 9. Be3 Ng6 10. Nd4 Bb4 11. f4 Bxc3 12. bxc3 Na5 13. Nxe6 dxe6 14. Qxd8+
Kxd8 15. Bb6+ Ke8 16. Bxa5 Ne7 17. Rad1 b5 18. Rd8+ Kf7 19. Rxh8 bxc4 20. Rd1
Nc6 21. Bc7 Bb7 22. Rxa8 Bxa8 23. Kf2 h5 24. Ke3 Ke8 25. g3 Bb7 26. h3 Bc8 27.
Bb6 Bd7 28. Rd6 e5 29. f5 Ke7 30. Bc5 Kd8 31. g4 hxg4 32. hxg4 Ke8 33. Rd1 Bc8
34. Rb1 Kd7 35. Rh1 Nb8 36. Rh7 Kc6 37. Bb4 g5 38. fxg6 Be6 39. Re7 1-0

[Event "II Festival"]
[Site "Siracusa ITA"]
[Date "2007.09.05"]
[Round "5"]
[White "Agnello, Giuseppe"]
[Black "Olivieri, Lucio"]
[Result "1-0"]
[WhiteElo "2136"]
[BlackElo "1659"]
[PlyCount "84"]
[EventDate "2007.09.02"]

1. e4 c5 2. Nf3 Nc6 3. d4 cxd4 4. Nxd4 e5 5. Nb5 a6 6. Nd6+ Bxd6 7. Qxd6 Qf6 8.
Qc7 Nge7 9. Nc3 Nb4 10. Bd3 d5 11. f4 Nxd3+ 12. cxd3 exf4 13. Bxf4 Qe6 14. O-O
O-O 15. Na4 Qc6 16. Nb6 Qxc7 17. Bxc7 Bg4 18. Nxa8 Rxa8 19. Rae1 dxe4 20. dxe4
Nc6 21. a3 Nd4 22. Bb6 Ne6 23. h3 Bh5 24. Rf5 Bg6 25. Rd5 h6 26. Rd7 Ng5 27. e5
Be4 28. Rxe4 Nxe4 29. Rxb7 Re8 30. Ra7 Rxe5 31. Rxa6 Rb5 32. b4 Nf6 33. Bc5 Nd7
34. a4 Rb7 35. Bd6 Nf6 36. b5 Nd5 37. Kf2 Kh7 38. Kf3 g5 39. Ke4 Nf6+ 40. Ke5
Nd7+ 41. Kd5 Nf6+ 42. Kc6 Rd7 1-0

[Event "II Festival"]
[Site "Siracusa ITA"]
[Date "2007.09.05"]
[Round "5"]
[White "Alaimo, Riccardo"]
[Black "Seminara, Antonio"]
[Result "1-0"]
[WhiteElo "2191"]
[BlackElo "1980"]
[PlyCount "57"]
[EventDate "2007.09.02"]

1. e4 c5 2. Nc3 Nc6 3. Nf3 Nf6 4. d4 cxd4 5. Nxd4 e5 6. Ndb5 d6 7. Bg5 a6 8.
Na3 b5 9. Bxf6 gxf6 10. Nd5 f5 11. c3 fxe4 12. Bxb5 axb5 13. Nxb5 Be6 14. Nbc7+
Kd7 15. Nxa8 Bxd5 16. Qxd5 Qxa8 17. Qxe4 Qa6 18. a4 Ke6 19. O-O-O Bh6+ 20. Kb1
Ne7 21. Rhe1 f5 22. Qb4 Rg8 23. g3 Rg4 24. f4 e4 25. Qb3+ d5 26. Rd4 Qd6 27. c4
Rg8 28. cxd5+ Nxd5 29. Red1 1-0

[Event "II Festival"]
[Site "Siracusa ITA"]
[Date "2007.09.05"]
[Round "5"]
[White "Arrabito, Gianfranco"]
[Black "Valguarnera, Girolamo"]
[Result "0-1"]
[WhiteElo "1968"]
[BlackElo "2185"]
[PlyCount "76"]
[EventDate "2007.09.02"]

1. d4 Nf6 2. e3 d6 3. Bd3 Nc6 4. Nf3 e5 5. dxe5 dxe5 6. Nbd2 Bg4 7. Be2 e4 8.
Ng5 Bf5 9. Bc4 Ne5 10. h4 h6 11. Nh3 Qd7 12. b3 O-O-O 13. Bb2 Nxc4 14. Nxc4 Qe6
15. Qe2 Bg4 16. Nf4 Qc6 17. f3 exf3 18. gxf3 Bb4+ 19. Kf2 Ne4+ 20. Kg1 Ng3 21.
Qh2 Qxf3 22. Ne5 Qxe3+ 23. Qf2 Qxf2+ 24. Kxf2 Nxh1+ 25. Rxh1 Rd2+ 26. Kg3 Be6
27. Nxe6 fxe6 28. Ng6 Rhd8 29. a3 Bd6+ 30. Kf3 Rxc2 31. Ba1 Bxa3 32. Re1 Bb2
33. Bxb2 Rxb2 34. Nf4 Rxb3+ 35. Ke4 g5 36. hxg5 hxg5 37. Nxe6 Re8 38. Kf5 Rb6
0-1

[Event "II Festival"]
[Site "Siracusa ITA"]
[Date "2007.09.05"]
[Round "5"]
[White "Condorelli, Roberto"]
[Black "Mica, Francesco"]
[Result "1-0"]
[WhiteElo "1575"]
[BlackElo "1437"]
[PlyCount "113"]
[EventDate "2007.09.02"]

1. Nf3 c5 2. c4 Nc6 3. d4 e6 4. Nc3 Nf6 5. e4 cxd4 6. Nxd4 Bc5 7. Nxc6 bxc6 8.
e5 Ng8 9. a3 Ne7 10. Ne4 Qb6 11. Nd6+ Bxd6 12. exd6 Nf5 13. b4 c5 14. Bf4 cxb4
15. Rb1 a5 16. Be2 Bb7 17. O-O Nh4 18. Be3 Qc6 19. f3 Nf5 20. Bf2 Nxd6 21. axb4
Nxc4 22. b5 Qd5 23. Qa4 Nb6 24. Bxb6 O-O 25. Rfd1 Qf5 26. Ra1 d5 27. Qh4 h6 28.
Bd3 Qg5 29. Qxg5 hxg5 30. Bxa5 Ra7 31. b6 Raa8 32. Bd2 f6 33. Be3 e5 34. Rdc1
Rfc8 35. Ra7 d4 36. Bd2 Rxa7 37. Rxc8+ Bxc8 38. bxa7 Bb7 39. Be4 Bxe4 40. fxe4
Kh7 41. a8=Q Kg6 42. Qe8+ Kh7 43. Qh5+ Kg8 44. h4 gxh4 45. Qxh4 Kf7 46. Qh5+
Kg8 47. Qg6 Kf8 48. Kf2 d3 49. Ke3 f5 50. Qxf5+ Kg8 51. Kxd3 Kh8 52. Qxe5 Kh7
53. Qf5+ Kh8 54. e5 g6 55. Qf6+ Kh7 56. e6 g5 57. Bc3 1-0

[Event "II Festival"]
[Site "Siracusa ITA"]
[Date "2007.09.05"]
[Round "5"]
[White "Corsino, Gianluca"]
[Black "Minniti, Giuseppe"]
[Result "1-0"]
[WhiteElo "2004"]
[BlackElo "1827"]
[PlyCount "79"]
[EventDate "2007.09.02"]

1. d4 Nf6 2. Bg5 e6 3. e4 h6 4. Bxf6 Qxf6 5. Nc3 Bb4 6. Qd2 O-O 7. a3 Bxc3 8.
Qxc3 Nc6 9. e5 Qe7 10. f4 d6 11. Nf3 Bd7 12. Bd3 Rac8 13. Qd2 Nb8 14. O-O c5
15. dxc5 dxc5 16. Rad1 Rfd8 17. Qf2 c4 18. Be4 Bc6 19. Bxc6 Nxc6 20. Nd2 c3 21.
bxc3 Qxa3 22. Ne4 Rxd1 23. Rxd1 Ne7 24. Nd6 Rd8 25. Qh4 Rd7 26. Qe1 Qc5+ 27.
Kh1 Nd5 28. Ne4 Qc6 29. Qg3 Kf8 30. h3 a5 31. Qf3 Rc7 32. Rd3 a4 33. f5 a3 34.
c4 a2 35. Ra3 Qxc4 36. Ra8+ Rc8 37. fxe6 Nf4 38. Qa3+ Kg8 39. exf7+ Kxf7 40.
Nd6+ 1-0

[Event "II Festival"]
[Site "Siracusa ITA"]
[Date "2007.09.05"]
[Round "5"]
[White "Cultrera, Salvatore"]
[Black "Ferrigno, Vincenzo"]
[Result "1/2-1/2"]
[WhiteElo "1681"]
[BlackElo "1754"]
[PlyCount "70"]
[EventDate "2007.09.02"]

1. d4 d5 2. c4 c6 3. Nc3 Nf6 4. Nf3 e6 5. Bg5 Be7 6. e3 Nbd7 7. Bd3 O-O 8. O-O
Re8 9. cxd5 exd5 10. Qc2 Nf8 11. h3 Be6 12. a3 a6 13. b4 b5 14. Ne2 Rc8 15.
Rfc1 h6 16. Bh4 N8d7 17. Nf4 Ne4 18. Nxe6 fxe6 19. Bxe7 Qxe7 20. Bxe4 dxe4 21.
Qxe4 Nf6 22. Qd3 Nd7 23. Rc3 Rc7 24. Rac1 Rec8 25. Qe4 Nf6 26. Qh4 Qf8 27. Ne5
g5 28. Qg3 Ne4 29. Qf3 Qxf3 30. gxf3 Nxc3 31. Rxc3 Kg7 32. Nd3 Kf6 33. Kg2 Ra8
34. Ne5 Rac8 35. Ng4+ Kg6 1/2-1/2

[Event "II Festival"]
[Site "Siracusa ITA"]
[Date "2007.09.05"]
[Round "5"]
[White "Grandinetti, Pietro"]
[Black "Fernandez, Gianluca"]
[Result "1-0"]
[WhiteElo "1726"]
[BlackElo "1502"]
[PlyCount "87"]
[EventDate "2007.09.02"]

1. e4 d6 2. d4 g6 3. Nc3 Bg7 4. Nf3 Bg4 5. Be3 Nd7 6. Bc4 e6 7. h3 Bxf3 8. gxf3
c6 9. Qd2 d5 10. Be2 Qb6 11. O-O-O O-O-O 12. Bf4 Bf8 13. a3 a6 14. Na4 Qa7 15.
Qa5 b5 16. Bxb5 cxb5 17. Qc3+ Nc5 18. Nxc5 Bxc5 19. dxc5 Ne7 20. Rhe1 Qb7 21.
Bg5 Rhe8 22. Rd2 dxe4 23. Rxd8+ Rxd8 24. fxe4 Rd7 25. Bxe7 Rxe7 26. Qh8+ Kc7
27. Qe5+ Kc8 28. Rd1 Qc7 29. Qd6 Kb7 30. e5 a5 31. Rd3 Kc8 32. b4 axb4 33. axb4
Rd7 34. Qxd7+ Qxd7 35. Rxd7 Kxd7 36. Kd2 Kc6 37. Kd3 Kd5 38. f4 h5 39. h4 Kc6
40. Kd4 Kd7 41. c4 Kc6 42. cxb5+ Kxb5 43. Kd3 Kc6 44. Kc4 1-0

[Event "II Festival"]
[Site "Siracusa ITA"]
[Date "2007.09.05"]
[Round "5"]
[White "Ljubisavljevic, Zivojin Z."]
[Black "Tondo, Salvatore"]
[Result "1-0"]
[WhiteElo "2296"]
[BlackElo "1915"]
[PlyCount "99"]
[EventDate "2007.09.02"]

1. d4 Nf6 2. Bg5 d5 3. Nd2 Bf5 4. e3 e6 5. Ngf3 h6 6. Bxf6 gxf6 7. c4 c6 8. Qb3
Qb6 9. Qxb6 axb6 10. cxd5 cxd5 11. a3 Nc6 12. Rc1 Bd6 13. Nh4 Bh7 14. Bb5 Ke7
15. O-O Rac8 16. f4 f5 17. Kf2 Na7 18. Bd3 Nc6 19. Nhf3 f6 20. g3 Bg8 21. Rc3
Bf7 22. Rb3 Bc7 23. Rc1 Kd6 24. Nb1 Na7 25. Rbc3 Be8 26. h3 h5 27. Nh4 Bc6 28.
R3c2 Nb5 29. a4 Na7 30. Nc3 Bb8 31. b4 Bd7 32. b5 Rh7 33. Be2 Rg8 34. Nxf5+
exf5 35. Nxd5 Rf8 36. Nxb6 h4 37. Rg1 Rg8 38. Nxd7 Kxd7 39. Bd3 hxg3+ 40. Rxg3
Rhg7 41. Bxf5+ Kd8 42. Rxg7 Rxg7 43. h4 Bd6 44. h5 Bf8 45. b6 Nc6 46. h6 Rf7
47. h7 Bg7 48. a5 Nxa5 49. Rc8+ Ke7 50. Rg8 1-0

[Event "II Festival"]
[Site "Siracusa ITA"]
[Date "2007.09.05"]
[Round "5"]
[White "Lo Bosco, Salvatore"]
[Black "Bottino, Alexiei"]
[Result "0-1"]
[WhiteElo "1822"]
[BlackElo "2030"]
[PlyCount "40"]
[EventDate "2007.09.02"]

1. Nf3 Nc6 2. g3 e5 3. d3 d5 4. Nc3 Nf6 5. Bg5 Be7 6. Bxf6 Bxf6 7. Bg2 Be6 8.
O-O h5 9. h4 e4 10. dxe4 d4 11. Na4 Qd6 12. b3 O-O-O 13. Rb1 Rdg8 14. Qd2 Qe7
15. Nb2 g5 16. hxg5 Bxg5 17. Nxg5 Rxg5 18. Qf4 h4 19. gxh4 Rxh4 20. Qf3 Bh3 0-1

[Event "II Festival"]
[Site "Siracusa ITA"]
[Date "2007.09.05"]
[Round "5"]
[White "Mangiafico, Francesco"]
[Black "Carnemolla, Giampaolo"]
[Result "0-1"]
[WhiteElo "1392"]
[BlackElo "1692"]
[PlyCount "62"]
[EventDate "2007.09.02"]

1. d4 Nf6 2. e3 d5 3. Bd3 g6 4. c3 Bg7 5. Nd2 O-O 6. Ngf3 Nbd7 7. O-O c5 8. b3
b6 9. a4 Bb7 10. c4 Qc7 11. Re1 Rfd8 12. Bb2 Rac8 13. Bc3 Ne4 14. Bb2 e6 15.
Bc2 cxd4 16. exd4 Nxd2 17. Qxd2 dxc4 18. bxc4 Bxf3 19. gxf3 Nf6 20. Bc3 Qxc4
21. Ra3 Nd5 22. Bd3 Qc7 23. Ba6 Rb8 24. a5 Qe7 25. Ra2 Nxc3 26. Qxc3 Qg5+ 27.
Kh1 Rxd4 28. Qe3 Qh5 29. Rg1 Be5 30. Rg2 Rd1+ 31. Bf1 Rxf1+ 0-1

[Event "II Festival"]
[Site "Siracusa ITA"]
[Date "2007.09.05"]
[Round "5"]
[White "Minniti, Cristiano"]
[Black "Tibaldeschi, Attilio"]
[Result "0-1"]
[WhiteElo "1548"]
[BlackElo "1532"]
[PlyCount "50"]
[EventDate "2007.09.02"]

1. e4 e5 2. d4 exd4 3. Qxd4 Nc6 4. Qe3 d6 5. Nc3 Nf6 6. Bd2 Be7 7. O-O-O Be6 8.
Qg3 O-O 9. Be2 a6 10. Bh6 Ne8 11. h4 Bf6 12. Be3 Qe7 13. f4 Bxc3 14. bxc3 f5
15. exf5 Bxf5 16. Bd4 Nxd4 17. cxd4 d5 18. Bf3 c6 19. Qf2 Nf6 20. g3 Qa3+ 21.
Kb1 Rae8 22. Qd2 Re3 23. Be2 Ne4 24. Qc1 Nc3+ 25. Ka1 Qxa2# 0-1

[Event "II Festival"]
[Site "Siracusa ITA"]
[Date "2007.09.05"]
[Round "5"]
[White "Minniti, Elenamaria"]
[Black "Attardi, Giovanni"]
[Result "1-0"]
[WhiteElo "1518"]
[BlackElo "1425"]
[PlyCount "31"]
[EventDate "2007.09.02"]

1. e4 e5 2. Nf3 d6 3. Bc4 h6 4. Nc3 c6 5. O-O Be7 6. d3 Bg4 7. Be3 b5 8. Bb3 a6
9. Ne2 Bxf3 10. gxf3 Bg5 11. f4 exf4 12. Nxf4 a5 13. a4 b4 14. Qf3 Nf6 15. Nh5
Nxh5 16. Qxf7# 1-0

[Event "II Festival"]
[Site "Siracusa ITA"]
[Date "2007.09.05"]
[Round "5"]
[White "Nobile, Stefano"]
[Black "Tumino, Andrea"]
[Result "1-0"]
[WhiteElo "1713"]
[BlackElo "1637"]
[PlyCount "51"]
[EventDate "2007.09.02"]

1. d4 d5 2. Nf3 Nf6 3. e3 Bf5 4. Bb5+ c6 5. Bd3 Bxd3 6. cxd3 e6 7. O-O c5 8.
Qb3 Qc7 9. Nc3 a6 10. a4 Nc6 11. dxc5 Bxc5 12. d4 Bd6 13. h3 O-O 14. Bd2 Rac8
15. Rfc1 Na5 16. Qd1 Nc4 17. Na2 Qe7 18. b4 b5 19. Qb3 Ne4 20. Be1 Bb8 21. axb5
axb5 22. Nc3 Nxc3 23. Qxc3 Ne5 24. Qxc8 Nxf3+ 25. gxf3 Qh4 26. Ra8 1-0

[Event "II Festival"]
[Site "Siracusa ITA"]
[Date "2007.09.05"]
[Round "5"]
[White "Parla, Aldo"]
[Black "Di Martino, Giancarlo"]
[Result "0-1"]
[WhiteElo "1562"]
[BlackElo "1724"]
[PlyCount "115"]
[EventDate "2007.09.02"]

1. f4 Nc6 2. Nf3 b6 3. e3 Nf6 4. b3 g6 5. Bb2 Bg7 6. c4 O-O 7. Be2 d5 8. O-O
dxc4 9. Bxc4 Nb4 10. a3 Nd3 11. Bxd3 Qxd3 12. Ne5 Qd6 13. Nc3 Bb7 14. Rc1 Rad8
15. d4 Nd5 16. Qe2 Nxc3 17. Rxc3 c5 18. Nc4 Qd5 19. Rd3 Qf5 20. Rd2 Qe4 21. Qd3
cxd4 22. Qxe4 Bxe4 23. exd4 b5 24. Ne3 f5 25. g4 fxg4 26. Nxg4 e5 27. fxe5 Bf5
28. Rg2 Be4 29. Rxf8+ Rxf8 30. Rf2 Rxf2 31. Kxf2 Kf7 32. Ke3 Bd5 33. b4 Ke6 34.
Kf4 h5 35. Nf2 Bh6+ 36. Kg3 Bd2 37. Nd3 Kf5 38. Bc1 Bc3 39. Bb2 Bxb2 40. Nxb2
Ke4 41. Kh4 Kxd4 42. Kg5 Kxe5 43. Kxg6 h4 44. Nd3+ Ke4 45. Nf2+ Kf3 46. Nd3
Be4+ 47. Kg5 Bxd3 48. Kxh4 Kg2 49. h3 Bf5 50. Kg5 Bxh3 51. Kf4 Kf2 52. Ke4 Ke2
53. Kd4 Kd2 54. Kc5 Bf1 55. Kd4 Kc2 56. Kc5 Kb3 57. Kc6 Kxa3 58. Kb7 0-1

[Event "II Festival"]
[Site "Siracusa ITA"]
[Date "2007.09.05"]
[Round "5"]
[White "Rettore, Ludwig"]
[Black "Valenti, Giuseppe"]
[Result "1/2-1/2"]
[WhiteElo "2182"]
[BlackElo "2221"]
[PlyCount "106"]
[EventDate "2007.09.02"]

1. e4 c5 2. Nf3 e6 3. d4 cxd4 4. Nxd4 a6 5. Nc3 Qc7 6. Bd3 Nf6 7. O-O b5 8. a3
Bb7 9. Kh1 Be7 10. f4 d6 11. Qf3 Nbd7 12. Qh3 O-O 13. Nf3 Nc5 14. e5 Nfe4 15.
Nxe4 Bxe4 16. Bxe4 Nxe4 17. c3 Qc5 18. exd6 Nf2+ 19. Rxf2 Qxf2 20. dxe7 Qf1+
21. Ng1 Rfe8 22. Qf3 Qxf3 23. Nxf3 Rxe7 24. Be3 Rd7 25. Bd4 f6 26. Re1 Kf7 27.
Kg1 h6 28. g4 g5 29. fxg5 hxg5 30. h4 gxh4 31. g5 e5 32. Bxe5 fxg5 33. Nxg5+
Kg6 34. Nf3 Rf8 35. Nxh4+ Kh5 36. Ng2 Rd2 37. Re3 Rxb2 38. Rh3+ Kg6 39. Rg3+
Kf7 40. Rf3+ Ke8 41. Rxf8+ Kxf8 42. Bd6+ Kg7 43. Nf4 Kf6 44. Bb4 Kf5 45. Nd3
Ra2 46. Nc5 a5 47. Bxa5 Rxa3 48. Bb4 Ra2 49. Kf1 Ke5 50. Ke1 Kd5 51. Nb3 Kc4
52. Na5+ Kd3 53. Nb7 Rc2 1/2-1/2

[Event "II Festival"]
[Site "Siracusa ITA"]
[Date "2007.09.05"]
[Round "5"]
[White "Rizza, Francesco"]
[Black "Norrito, Salvatore"]
[Result "0-1"]
[WhiteElo "1653"]
[BlackElo "1812"]
[PlyCount "70"]
[EventDate "2007.09.02"]

1. d4 d5 2. c4 Nf6 3. cxd5 Qxd5 4. Nc3 Qd8 5. e4 g6 6. f4 Bg7 7. Be2 c6 8. Be3
Nbd7 9. g4 Qa5 10. Qd2 Nb6 11. a3 Bxg4 12. b4 Qh5 13. h3 Bxe2 14. Ngxe2 Nc4 15.
Qd3 Nxe3 16. Qxe3 Qh4+ 17. Kf1 O-O-O 18. d5 cxd5 19. e5 d4 20. Nxd4 Nd5 21.
Nxd5 Rxd5 22. Nf3 Qg3 23. Rc1+ Kb8 24. Ke2 Qg2+ 25. Qf2 Qxf2+ 26. Kxf2 Rhd8 27.
Ng5 Rd4 28. Kg3 Rd3+ 29. Kg4 h5+ 30. Kh4 f6 31. Ne6 Rg8 32. Rhf1 Bh6 33. Rc7
g5+ 34. fxg5 fxg5+ 35. Nxg5 Bxg5+ 0-1

[Event "II Festival"]
[Site "Siracusa ITA"]
[Date "2007.09.05"]
[Round "5"]
[White "Rosolia, Giuseppe"]
[Black "Monica, Vincenzo"]
[Result "1-0"]
[WhiteElo "1930"]
[BlackElo "1514"]
[PlyCount "37"]
[EventDate "2007.09.02"]

1. Nf3 Nc6 2. d3 e5 3. e4 h6 4. c3 Nf6 5. Be2 d5 6. Nbd2 Bc5 7. O-O Be6 8. b4
Bb6 9. b5 Na5 10. Nxe5 Qd6 11. Nef3 Qc5 12. exd5 Nxd5 13. c4 Nf4 14. d4 Qh5 15.
Ne4 Nxe2+ 16. Qxe2 O-O 17. d5 Bf5 18. Ng3 Rfe8 19. Qxe8+ 1-0

[Event "II Festival"]
[Site "Siracusa ITA"]
[Date "2007.09.05"]
[Round "5"]
[White "Russo, Alfio"]
[Black "Zimmer, Hans Werner"]
[Result "1-0"]
[WhiteElo "1928"]
[BlackElo "2011"]
[PlyCount "65"]
[EventDate "2007.09.02"]

1. Nf3 Nf6 2. d4 c5 3. e3 e6 4. Bd3 d5 5. b3 Nc6 6. O-O Be7 7. Bb2 O-O 8. Nbd2
Qc7 9. Ne5 Nb4 10. Ndf3 Nxd3 11. cxd3 Qa5 12. a3 cxd4 13. Nxd4 Bd7 14. f4 Bd6
15. Qf3 Qd8 16. Qg3 Ne8 17. Kh1 Rc8 18. Rae1 f5 19. e4 fxe4 20. dxe4 dxe4 21.
Nxd7 Qxd7 22. Rxe4 e5 23. Nf3 exf4 24. Qg5 Rc5 25. Qh4 Nf6 26. Bxf6 Rxf6 27.
Rd1 Qc6 28. Qe1 Rf8 29. Nd4 Qd7 30. Ne6 Rh5 31. Nxf8 Kxf8 32. Rxf4+ Kg8 33.
Rxd6 1-0

[Event "II Festival"]
[Site "Siracusa ITA"]
[Date "2007.09.05"]
[Round "5"]
[White "Salvaggio, Salvatore"]
[Black "Conti, Silvano"]
[Result "1/2-1/2"]
[WhiteElo "1766"]
[BlackElo "1652"]
[PlyCount "112"]
[EventDate "2007.09.02"]

1. d4 Nf6 2. c4 b6 3. Nc3 Bb7 4. Nf3 e6 5. Bg5 Be7 6. Qc2 O-O 7. e3 d6 8. Bd3
Nbd7 9. O-O-O h6 10. Bf4 c5 11. Kb1 cxd4 12. exd4 a6 13. Qe2 Re8 14. Rhg1 Nf8
15. g4 N6h7 16. Be3 Bxf3 17. Qxf3 Bg5 18. Qg3 Bxe3 19. fxe3 Qe7 20. h4 f6 21.
Rg2 Red8 22. Rf1 d5 23. Rgf2 Qd6 24. Qf3 Rac8 25. cxd5 Rxc3 26. bxc3 exd5 27.
Rc1 b5 28. e4 dxe4 29. Bxe4 b4 30. d5 bxc3 31. Qxc3 Nd7 32. Rb2 Qf4 33. Qf3 Qd6
34. Qf5 Nhf8 35. Rc6 Qg3 36. g5 hxg5 37. hxg5 fxg5 38. d6 Nf6 39. Bd5+ Kh8 40.
Qf3 Qe5 41. Bb3 Rxd6 42. Rc1 Rd4 43. Re2 Qb5 44. Rh2+ Rh4 45. Rxh4+ gxh4 46.
Rc6 Qe5 47. Rxa6 Qe1+ 48. Kb2 Qe5+ 49. Kc2 Qc5+ 50. Kd2 Qb4+ 51. Kd1 Qd4+ 52.
Ke2 Qe5+ 53. Kd3 Qb5+ 54. Bc4 Qb1+ 55. Kd4 Qb2+ 56. Kd3 Qb1+ 1/2-1/2

[Event "II Festival"]
[Site "Siracusa ITA"]
[Date "2007.09.05"]
[Round "5"]
[White "Timoshenko, Georgy"]
[Black "Polak, Tomas"]
[Result "1/2-1/2"]
[WhiteElo "2559"]
[BlackElo "2544"]
[PlyCount "34"]
[EventDate "2007.09.02"]

1. e4 e5 2. Nf3 Nf6 3. Nxe5 d6 4. Nf3 Nxe4 5. d4 d5 6. Bd3 Nc6 7. O-O Be7 8. c4
Nb4 9. Be2 O-O 10. Nc3 Bf5 11. a3 Nxc3 12. bxc3 Nc6 13. Re1 Be6 14. Bf4 Rc8 15.
Qa4 a6 16. c5 Qd7 17. Qb3 Rb8 1/2-1/2

[Event "II Festival"]
[Site "Siracusa ITA"]
[Date "2007.09.06"]
[Round "6"]
[White "Alaimo, Riccardo"]
[Black "Timoshenko, Georgy"]
[Result "1/2-1/2"]
[WhiteElo "2191"]
[BlackElo "2559"]
[PlyCount "85"]
[EventDate "2007.09.02"]

1. e4 c5 2. Nf3 d6 3. d4 cxd4 4. Nxd4 Nf6 5. Nc3 Nc6 6. Bg5 e6 7. Qd2 a6 8.
O-O-O Bd7 9. f4 b5 10. a3 Qb6 11. Bxf6 gxf6 12. Be2 h5 13. Nxc6 Bxc6 14. Bf3 h4
15. Rhe1 Be7 16. Qe2 Ra7 17. e5 fxe5 18. fxe5 Bxf3 19. Qxf3 d5 20. Ne2 b4 21.
a4 Rc7 22. Kb1 Rc4 23. b3 Rc5 24. Rf1 Rf8 25. Nd4 Rc3 26. Qh5 Re3 27. Rf4 Kd7
28. Rxf7 Rxf7 29. Qxf7 Rxe5 30. Nf3 Re2 31. Nd4 Re4 32. Nf5 exf5 33. Qxd5+ Bd6
34. Qxf5+ Re6 35. Qh7+ Re7 36. Qxh4 Kc7 37. Qc4+ Qc6 38. Qd4 Bc5 39. Qf4+ Kb7
40. g4 Rc7 41. Qf5 Qg2 42. h4 Qf2 43. Qe4+ 1/2-1/2

[Event "II Festival"]
[Site "Siracusa ITA"]
[Date "2007.09.06"]
[Round "6"]
[White "Attardi, Giovanni"]
[Black "Mica, Francesco"]
[Result "0-1"]
[WhiteElo "1425"]
[BlackElo "1437"]
[PlyCount "104"]
[EventDate "2007.09.02"]

1. e4 c5 2. Nf3 Nc6 3. Be2 Nf6 4. d3 e5 5. h3 d5 6. exd5 Nxd5 7. O-O Bd6 8. Ng5
Bf5 9. Ne4 Bc7 10. Nxc5 Rb8 11. Ne4 h6 12. Nbc3 Nxc3 13. Nxc3 Qd6 14. Ne4 Qe6
15. c3 Rd8 16. Qe1 Qg6 17. Ng3 Be6 18. Kh1 h5 19. h4 Bd5 20. c4 Be6 21. Ne4 Nd4
22. Qd2 Nxe2 23. Qxe2 f5 24. Ng5 Rd4 25. g3 Bd7 26. Be3 Rg4 27. Rg1 Bc6+ 28.
Kh2 Rxh4+ 29. gxh4 e4+ 30. Kh1 exd3+ 31. Qf3 Bxf3+ 32. Nxf3 Qc6 33. Kg2 Qxc4
34. Rac1 Qg4+ 35. Kf1 Qxf3 36. Rxc7 Qe2+ 37. Kg2 d2 38. Bxd2 Qxd2 39. Rc8+ Kf7
40. Rxh8 g6 41. Rh7+ Kf6 42. Rc7 Qd5+ 43. f3 Qd2+ 44. Kh1 Qf4 45. Rgc1 Qxf3+
46. Kg1 Qg3+ 47. Kf1 Qxh4 48. R1c3 Qf4+ 49. Kg1 h4 50. Kg2 Qd2+ 51. Kh3 Qxb2
52. Kxh4 Qh2+ 0-1

[Event "II Festival"]
[Site "Siracusa ITA"]
[Date "2007.09.06"]
[Round "6"]
[White "Bottino, Alexiei"]
[Black "Arrabito, Gianfranco"]
[Result "1-0"]
[WhiteElo "2030"]
[BlackElo "1968"]
[PlyCount "101"]
[EventDate "2007.09.02"]

1. e4 d6 2. d4 e5 3. Nf3 exd4 4. Nxd4 Nf6 5. Nc3 Be7 6. Be2 O-O 7. O-O Re8 8.
f4 Bf8 9. Bf3 Nbd7 10. b3 Nc5 11. Re1 g6 12. Bb2 Ne6 13. Nde2 Bg7 14. Qd2 Nc5
15. Ng3 Bd7 16. e5 dxe5 17. fxe5 Ng4 18. Qd4 Be6 19. Qxc5 Bf8 20. Qxf8+ Kxf8
21. Nce4 h5 22. h3 Nh6 23. Nf6 c6 24. Rad1 Qb6+ 25. Bd4 c5 26. Be3 Nf5 27. Nxf5
gxf5 28. Rd6 Qa5 29. Red1 Red8 30. Bh6+ Ke7 31. Bg5 Rxd6 32. exd6+ Kd8 33. d7
Ke7 34. Nh7+ f6 35. Bxf6+ Kf7 36. Bxh5+ Kg8 37. d8=Q+ Rxd8 38. Rxd8+ Qxd8 39.
Bxd8 Kxh7 40. Bf3 b5 41. Bc6 a6 42. Bb7 Bd7 43. Bxa6 Kg6 44. Kf2 Kf7 45. Bb7 c4
46. Kf3 cxb3 47. axb3 Ke6 48. Bc7 Kf6 49. Kf4 Kg6 50. c4 bxc4 51. bxc4 1-0

[Event "II Festival"]
[Site "Siracusa ITA"]
[Date "2007.09.06"]
[Round "6"]
[White "Carnemolla, Giampaolo"]
[Black "Condorelli, Roberto"]
[Result "1-0"]
[WhiteElo "1692"]
[BlackElo "1575"]
[PlyCount "87"]
[EventDate "2007.09.02"]

1. d4 Nf6 2. c4 g6 3. Nc3 Bg7 4. e4 d6 5. f3 O-O 6. Bd3 a6 7. Be3 Nc6 8. Nge2
Rb8 9. O-O e5 10. d5 Ne7 11. c5 Nd7 12. b4 f5 13. a4 f4 14. Bf2 g5 15. Bc4 Nf6
16. a5 Kh8 17. Qa4 Bd7 18. b5 Qe8 19. c6 bxc6 20. dxc6 axb5 21. cxd7 bxa4 22.
dxe8=Q Rfxe8 23. Rxa4 Nc8 24. Rb1 Rxb1+ 25. Nxb1 Nd7 26. Bb5 Re7 27. Nbc3 Nf6
28. Bc6 Re6 29. Nd5 Nxd5 30. exd5 Rg6 31. a6 e4 32. a7 Nxa7 33. Rxa7 h5 34.
fxe4 Kh7 35. Rxc7 Kh6 36. Bd4 Bf8 37. Rf7 Bg7 38. Bxg7+ Rxg7 39. Rxg7 Kxg7 40.
Nd4 Kf6 41. Nb5 g4 42. Nxd6 Ke5 43. Nf7+ Kxe4 44. d6+ 1-0

[Event "II Festival"]
[Site "Siracusa ITA"]
[Date "2007.09.06"]
[Round "6"]
[White "Conti, Silvano"]
[Black "Nobile, Stefano"]
[Result "1/2-1/2"]
[WhiteElo "1652"]
[BlackElo "1713"]
[PlyCount "86"]
[EventDate "2007.09.02"]

1. e4 Nf6 2. e5 Nd5 3. c4 Nb6 4. d4 d6 5. f4 dxe5 6. fxe5 Bf5 7. Nf3 e6 8. Be2
Be7 9. O-O c5 10. dxc5 Bxc5+ 11. Kh1 Qc7 12. Nc3 a6 13. b3 Nc6 14. Bf4 O-O 15.
Qe1 Rfd8 16. Qg3 Nd4 17. Nxd4 Bxd4 18. Rac1 Nd7 19. Nd5 exd5 20. e6 Ne5 21.
cxd5 Qd6 22. exf7+ Kf8 23. Bf3 Rac8 24. Rce1 Qg6 25. Bxe5 Qxg3 26. Bxg3 Bd3 27.
Bh4 Bxf1 28. Bxd8 Bxg2+ 29. Kxg2 Rxd8 30. Re4 Bf6 31. Rc4 Rd6 32. Rc8+ Kxf7 33.
Rc7+ Kg6 34. Rxb7 h6 35. Rc7 a5 36. Rc6 Be5 37. a3 Kf5 38. b4 Rxc6 39. dxc6
axb4 40. axb4 Bc7 41. b5 Kf4 42. Be2 Bb6 43. h3 Bc7 1/2-1/2

[Event "II Festival"]
[Site "Siracusa ITA"]
[Date "2007.09.06"]
[Round "6"]
[White "Cordaro, Giovanni"]
[Black "Cappello, Antonino"]
[Result "0-1"]
[WhiteElo "1497"]
[BlackElo "1613"]
[PlyCount "66"]
[EventDate "2007.09.02"]

1. d4 g6 2. c4 Bg7 3. Nc3 e6 4. e4 d6 5. Be3 Ne7 6. Qd2 h6 7. Bd3 a6 8. Nge2 b6
9. g4 Nd7 10. O-O-O Bb7 11. h4 c5 12. Bc2 cxd4 13. Bxd4 e5 14. Be3 Nc8 15. Rhf1
Nf6 16. Rg1 Bc6 17. g5 hxg5 18. Bxg5 Qd7 19. f3 Nh5 20. Rh1 a5 21. a4 Na7 22.
Rdg1 Rc8 23. Ng3 Nf4 24. Bxf4 exf4 25. Nge2 Bb7 26. Kb1 Rxc4 27. Qxf4 Rc5 28.
Rd1 Be5 29. Qg4 Qxg4 30. fxg4 b5 31. Nxb5 Nxb5 32. axb5 O-O 33. Ba4 Bxe4+ 0-1

[Event "II Festival"]
[Site "Siracusa ITA"]
[Date "2007.09.06"]
[Round "6"]
[White "Di Martino, Giancarlo"]
[Black "Rizza, Francesco"]
[Result "0-1"]
[WhiteElo "1724"]
[BlackElo "1653"]
[PlyCount "101"]
[EventDate "2007.09.02"]

1. e4 c5 2. Nf3 Nc6 3. g3 d6 4. Bg2 g6 5. O-O Bg7 6. d3 b5 7. c3 e6 8. d4 cxd4
9. Nxd4 Nxd4 10. cxd4 Ne7 11. d5 exd5 12. exd5 O-O 13. Nc3 b4 14. Ne4 Bb7 15.
Bf4 Bxb2 16. Bxd6 Ba6 17. Bxe7 Qxe7 18. d6 Qe5 19. Re1 Bxa1 20. Qxa1 Qxa1 21.
Rxa1 Rad8 22. Rd1 Bc4 23. Rd4 Bxa2 24. Rxb4 f5 25. Nc3 Be6 26. Rd4 Rc8 27. d7
Rcd8 28. Bc6 Rf7 29. Nb5 a5 30. Nd6 Rfxd7 31. Bxd7 Rxd7 32. Kf1 Kf8 33. Ke1 Ke7
34. Nc8+ Kf6 35. Rxd7 Bxd7 36. Nb6 Bb5 37. Nd5+ Ke5 38. Nc3 Bc4 39. Kd2 Bb3 40.
Ke3 a4 41. f4+ Kd6 42. Kd4 Kc6 43. Nxa4 Bxa4 44. Ke5 Bd1 45. Kf6 Bg4 46. Kg7 h5
47. Kxg6 Kd5 48. h3 Bxh3 49. Kxh5 Ke6 50. g4 Bxg4+ 51. Kh4 0-1